_Intergenerational programs past,present and future (Record no. 13875)
[ view plain ]
| 000 -LEADER | |
|---|---|
| fixed length control field | 00452nam a2200157Ia 4500 |
| 008 - FIXED-LENGTH DATA ELEMENTS--GENERAL INFORMATION | |
| fixed length control field | 151021s9999 xx 000 0 und d |
| 020 ## - INTERNATIONAL STANDARD BOOK NUMBER | |
| International Standard Book Number | 156032421x |
| 050 ## - LIBRARY OF CONGRESS CALL NUMBER | |
| Classification number | HM 131.I544 1997 |
| 245 ## - TITLE STATEMENT | |
| Title | _Intergenerational programs past,present and future |
| 260 ## - PUBLICATION, DISTRIBUTION, ETC. (IMPRINT) | |
| Place of publication, distribution, etc. | USA Taylor&Francis 1977 |
| 300 ## - PHYSICAL DESCRIPTION | |
| Extent | xv,247p. |
| 500 ## - GENERAL NOTE | |
| General note | Includes index |
| 500 ## - GENERAL NOTE | |
| General note | Includes index |
| 650 ## - SUBJECT ADDED ENTRY--TOPICAL TERM | |
| Topical term or geographic name as entry element | _Developmental theoris |
| 980 ## - EQUIVALENCE OR CROSS-REFERENCE-SERIES STATEMENT--PERSONAL NAME/TITLE [LOCAL, CANADA] | |
| Personal name | ^d20130529 04:39:30^oanne |
No items available.